000
00235nam a2200109Ia 4500
999
_c
6655
_d
6655
020
_a
0201633310
100
_a
William Stallings
245
0
_a
SNMP, SNMPv2 and CMIP
260
_a
New York
_b
Pearson
_c
1993
300
_a
625
942
_c
BK